| 000 | 00671nam a22001697a 4500 | ||
|---|---|---|---|
| 003 | OSt | ||
| 005 | 20150804180404.0 | ||
| 008 | 150804b xxu||||| |||| 00| 0 eng d | ||
| 040 | _cMACL | ||
| 041 | _aHindi | ||
| 082 | _a741.642 | ||
| 100 |
_4285/4 _aटंडन, पवित्रा _94816 |
||
| 245 | _aफल संरक्षण विज्ञान/धातुओं का अनोखा संसार/साईबर स्पेस/मानव फैक्स मशीन | ||
| 260 |
_aइलाहाबाद _bएकता प्रकाशन _c2007 |
||
| 650 |
_aचिल्ड्रन बुक्स _9343 |
||
| 942 |
_2ddc _cHIN |
||
| 999 |
_c50205 _d50205 |
||